Statistiche per Geografia per immagini - H

Clicka qui per fare il quiz!

Statistiche generali

  • Questo quiz è stato fatto 351 volte
  • Il punteggio medio è 10 su 18

Statistiche sulle risposte

Answer% Corretto
Honduras
90%
Himalaya
90%
Haiti
84%
Hong Kong
80%
Hawaii
77%
Houston
66%
Helsinki
58%
Hokkaidō
50%
Hudson
48%
Harare
45%
Hiroshima
45%
Huron
41%
Hoover
36%
Hainan
34%
Hollywood
33%
Ho Chi Minh
29%
Heidelberg
22%
Hofburg
22%

Distribuzione punteggi

Percentile per numero di risposta

Percentuale di utenti per punteggio

I tuoi punteggi nel tempo

Non hai fatto questo quiz